| 000 | 00988nam a2200325Ia 4500 | ||
|---|---|---|---|
| 001 | dia_61 | ||
| 003 | CHAP | ||
| 005 | 20221202135020.0 | ||
| 008 | 220117s1995 xx 000 0 und d | ||
| 010 | _a170494 | ||
| 020 | _a968-880-530-0 | ||
| 040 | _cCHAP | ||
| 082 | _a658.562 B47 1995 | ||
| 100 |
_aBesterfield, Dale H. _9147094 |
||
| 245 |
_aControl de calidad / _c Dale H. Besterfield ; traducción Raúl Bautista Gutiérrez |
||
| 250 | _a4a ed. | ||
| 260 |
_aMéxico : _b Prentice Hall Hispanoamericana, _c1995 |
||
| 300 | _axii, 507 p. | ||
| 500 | _aTítulo original: Quality control | ||
| 503 | _aI. 205875 | ||
| 504 | _aBibliografía: p. 483-484 | ||
| 590 | _aTS156 B47 1995 | ||
| 650 |
_aControl de calidad _9147085 |
||
| 650 |
_aQuality control _9147087 |
||
| 700 |
_aBautista Gutiérrez, Raúl, tr. _9147095 |
||
| 901 | _a658.562 B47 1995 | ||
| 902 | _aM | ||
| 905 | _a5232271995 mx aimn8222223322spa16 | ||
| 942 |
_cLIBRO _2ddc |
||
| 999 |
_c170494 _d170494 |
||